Lost Character Deaths In Order - Statistics

General Stats
  • This quiz has been taken 77 times
  • The average score is 14 of 35
Answer Stats
Timeline Character % Correct
S1:E20 Boone
85%
S6:E17 Jack Shephard
71%
S2:E6 Shannon
69%
S6:E14 Jin
60%
S2:E20 Ana Lucia
58%
S2:E20 Libby
58%
S6:E14 Sun
58%
S3:E23 Charlie
56%
S6:E14 Sayid
56%
S1:E15 Ethan
53%
S3:E5 Mr. Eko
52%
S1:E3 U.S. Marshall
47%
S4:E13 Michael
44%
S6:E17 The Man In Black
44%
S5:E7 John Locke
42%
S6:E1 Juliet
40%
S3:E14 Nikki
37%
S3:E14 Paulo
37%
S4:E8 Danielle
35%
S4:E9 Alex
34%
S5:E17 Jacob
31%
S3:E23 Tom
31%
S5:E14 Daniel Faraday
27%
S4:E13 Keamy
27%
S4:E1 Naomi
27%
S1:E24 Dr. Arzt
26%
S4:E8 Karl
24%
S2:E7 Goodwin
23%
S3:E23 Mikhail
23%
S6:E16 Charles Widmore
21%
S3:E19 Anthony Cooper
18%
S6:E12 Ilana
16%
S6:E15 Mother
13%
S3:E20 Roger
13%
S3:E20 Dr. Chang
3%
No matching quizzes found
Score Distribution
Percent of People with Each Score
Percentile by Number Answered
Your Score History
You have not taken this quiz